Things To Do During Quarantine (2020) - Statistics

General Stats
  • This quiz has been taken 15 times
  • The average score is 4 of 37
Answer Stats
Answer % Correct
sleep
73%
video games
60%
walk
47%
eat
40%
run/jog
40%
cook/bake
33%
read
27%
draw
13%
drink
13%
paint
13%
workout
13%
board games
7%
color
7%
listen to music
7%
puzzle
7%
sew
7%
sing
7%
arts and crafts
0%
biking
0%
binge-watch TV
0%
card games
0%
chalk
0%
dance
0%
hang out with pets
0%
hike
0%
journal
0%
knit
0%
make TikToks
0%
movie at home
0%
online school
0%
organize
0%
science experimentt
0%
spa
0%
sports
0%
start a YouTube channel
0%
watch your phone
0%
Yoga
0%
No matching quizzes found
Score Distribution
Percent of People with Each Score
Percentile by Number Answered
Your Score History
You have not taken this quiz